000 00511nam a2200181Ia 4500
001 18569
005 20260306171640.0
008 260306s9999||||xx |||||||||||||| ||und||
041 _aESP
082 _a658.409
_bB86
100 _aBuckingham, Marcus,
_eAUT
245 0 _aTodo lo que necesita saber sobre el management :
_blas claves del management, el liderazgo y el éxito individual
260 _c2006
300 _a227 páginas :
_c23 cm.
650 _aGEN
654 _aCAN
942 _cLIB
_dJUS
_fJUS
_2ddc
_n
999 _c18569
_d18569